ბათუმის შოთა რუსთაველის სახელმწიფო უნივერსიტეტის ბიბლიოთეკა

ენა, საზრისი, ყოფიერება ქართველურ ენათა ტოპოლოგია : (ბიბ.ჩანაწერი № 50986)

000 -ლიდერი
ფიქსირებული სიგრძის საკონტროლო ველი 01090nam a2200217Ia 4500
001 - საკონტროლო ნომერი
საკონტროლო ველი 17943
003 - საკონტროლო ნომრის იდენტიფიკატორი
საკონტროლო ველი GE_BSU
005 - ბოლო ოპერაციის თარიღი და დრო
საკონტროლო ველი 20200302105039.0
008 - ფიქსირებული სიგრძის მონაცემთა ელემენტები - ზოგადი ინფორმაცია
ფიქსირებული სიგრძის საკონტროლო ველი 181216s2002 xx |||||||||||||| || ||
020 ## - წიგნის საერთაშორისო სტანდარტული ნომერი
International Standard Book Number 99407041-X
040 ## - კატალოგიზაციის წყარო
Transcribing agency GE_BSU
041 ## - ენის კოდი
Language code of text/sound track or separate title geo
080 ## - უნივერსალური ათობითი კლასიფიკაციის ინდექსი
Universal Decimal Classification number 811.353'44 კ-33
100 ## - მთავარი ჩანაწერი - პიროვნების სახელი
Personal name კაშია, ჯანრი.
9 (RLIN) 1578
245 ## - ცნობა სათაურის შესახებ
Title ენა, საზრისი, ყოფიერება ქართველურ ენათა ტოპოლოგია :
Remainder of title მეტათეორიული მიდმოგონებანი /
Statement of responsibility, etc ჯანრი კაშია ; გამომც. მაია მაჭავარიანი.
264 ## - წარმოების, გამოცემის, დისტრიბუციის და სხვა ცნობები
გამოცემის, წარმოების, დისტრიბუციის... ადგილი თბილისი :
გამოცემის, წარმოების, დისტრიბუციის... სახელწოდება პარიზი-თბილისი,
გამოცემის, წარმოების, დისტრიბუციის... თარიღი 2002
300 ## - ფიზიკური აღწერა
Extent 318გვ. ;
Dimensions 20 სმ.
653 ## - INDEX TERM--UNCONTROLLED
Uncontrolled term ენა, საზრისი, ყოფიერება... ქართველურ ენათა ტოპოლოგია
700 ## - ADDED ENTRY--PERSONAL NAME
Personal name მაჭავარიანი, მაია
Relator term გამომცემელი
9 (RLIN) 7215
942 ## - ADDED ENTRY ELEMENTS (KOHA)
Koha item type წიგნი
Source of classification or shelving scheme
ეგზემპლარები
ჩამოწერის სტატუსი დაკარგული ეგზემპლარის სტატუსი კლასიფიკაციის წყარო ან თაროზე გაწყობის სქემა დაზიანების სტატუსი არ გაიცემა მუდმივი მდებარეობა (დაცვის ადგილი) ამჟამინდელი ადგილსამყოფელი თაროზე განთავსების ადგილი შეძენის თარიღი ღირებულება, შესყიდვის ნორმალური ფასი სრული შენახვის შიფრი შტრიხკოდი ბოლო ოპერაციის თარიღი ეგზემპლარის მიმდევრობითი ნომერი (კეტერი?) ფასის ძალაში შესვლის თარიღი ეგზემპლარის სახეობა საჯარო შენიშვნა
          ბათუმის შოთა რუსთაველის სახელმწიფო უნივერსიტეტის მთავარი ბიბლიოთეკა ბათუმის შოთა რუსთაველის სახელმწიფო უნივერსიტეტის მთავარი ბიბლიოთეკა წიგნსაცავი 2018-12-17 10.00 811.353'44 კ-33 45892 2018-12-17 45892 2018-12-17 წიგნი 10.00